000 01362nam a22003737a 4500
003 CHAP
005 20220329140127.0
008 971013s1980 r 00010 d
010 _a47394
011 _a48366
035 _a52511
040 _cCHAP
090 _aFolleto 6424
100 0 0 _aVan Der Mersch Greer, Charles.
_9117732
245 _aComparación de cipermetrina bajo 3 dosis y 2 calendarios de aplicación con otros insecticidas en aplicaciones aéreas sobre algodón en Sonora, México durante 1979
260 _aMéxico, D.F. :
_bImperial Chemical Industries,
_c1980
300 _a12 h.
490 _aInformación técnica
500 _aPresentado como ponencia en: Congreso Nacoinal de Entomología. 15, San Luis Potosi, S.L.P., 1980
590 _aBATCH-UPD
_b10
_c20130110
_lUCH01
_h0033
590 _aBATCH-UPD
_b10
_c20130110
_lUCH01
_h1625
590 _aBATCH-UPD
_b10
_c20130410
_lUCH01
_h1019
590 _aBATCH-UPD
_b10
_c20130914
_lUCH01
_h0315
590 _aCONVERSION
_b10
_c20130109
_lUCH01
_h1326
650 1 4 _aAlgodón
_xPlagas.
_94046
650 1 4 _aInsecticidas.
_958855
650 1 4 _aPiretro como insecticida.
_988507
700 0 _aLlamas, J. S.
_967246
700 0 _aMorton, N.
_978975
830 0 _aInformación técnica
_958093
901 _aBK
942 _cFOLL
949 _aFolleto 6424
_bBC
_cFOLL
_d-116947
_eTS1
_i52511
_si
999 _c47394
_d47394